| 000 | 00000nam 2200000za 4500 |
| 001 | 9.642890 |
| 003 | CaOODSP |
| 005 | 20210624223922 |
| 007 | cr ||||||||||| |
| 008 | 150407s2014 onc|||||o f|0| 0 fre d |
| 020 | |a978-0-660-21817-5 |
| 040 | |aCaOODSP|bfre |
| 043 | |an-cn--- |
| 086 | 1 |aCW66-384/2014F-PDF |
| 110 | 2 |aService canadien de la faune. |
| 245 | 10|aRéserve nationale de faune de la baie Wellers |h[ressource électronique]. |
| 260 | |aOttawa : |bEnvironnement Canada, |cc2014. |
| 300 | |a1 p. : |bphotographies. |
| 530 | |aPubl. aussi en format HTML. |
| 590 | |a15-11|b2015-03-13 |
| 691 | 07|aAire de conservation|2gcpds |
| 691 | 07|aGestion de la faune|2gcpds |
| 775 | 08|tWellers Bay National Wildlife Area |w(CaOODSP)9.698907 |
| 856 | 40|ahttp://publications.gc.ca|qPDF|s436 Ko|uhttps://publications.gc.ca/collections/collection_2015/ec/CW66-384-2014-fra.pdf |
| 856 | 4 |qHTML|sS.O.|uhttps://www.canada.ca/fr/environnement-changement-climatique/services/reserves-nationales-faune/existantes/baie-wellers/depliant.html |